Facultad de Derecho – Universidad Nacional de Mar del Plata

Lecciones de derecho civil: parte primera (Record no. 714)

MARC details
000 -LEADER
fixed length control field 00586cam a22002297a 4500
001 - CONTROL NUMBER
control field 000723
003 - CONTROL NUMBER IDENTIFIER
control field armpunfd
005 - DATE AND TIME OF LATEST TRANSACTION
control field 20140612090618.0
008 - FIXED-LENGTH DATA ELEMENTS--GENERAL INFORMATION
fixed length control field 011019s1959###xx#a##########000###und#d
040 ## - CATALOGING SOURCE
Original cataloging agency armpunfd
Transcribing agency armpunfd
080 ## - UNIVERSAL DECIMAL CLASSIFICATION NUMBER
Universal Decimal Classification number 347 M 456
100 10 - MAIN ENTRY--PERSONAL NAME
Personal name Mazeaud, Jean
245 10 - TITLE STATEMENT
Title Lecciones de derecho civil: parte primera
260 ## - PUBLICATION, DISTRIBUTION, ETC. (IMPRINT)
Place of publication, distribution, etc Buenos Aires :
Name of publisher, distributor, etc Ejea,
Date of publication, distribution, etc 1959.
300 ## - PHYSICAL DESCRIPTION
Extent 572p.
650 #7 - SUBJECT ADDED ENTRY--TOPICAL TERM
Topical term or geographic name as entry element Derecho Civil
Source of heading or term LEMB
650 #7 - SUBJECT ADDED ENTRY--TOPICAL TERM
Topical term or geographic name as entry element Familia
Source of heading or term LEMB
700 10 - ADDED ENTRY--PERSONAL NAME
Personal name Mazeaud, Henri
700 10 - ADDED ENTRY--PERSONAL NAME
Personal name Mazeaud, Leon
942 ## - ADDED ENTRY ELEMENTS (KOHA)
Koha item type LIBRO
Source of classification or shelving scheme
945 ## - LOCAL PROCESSING INFORMATION (OCLC)
a Catalis
d 2010-08-19
Holdings
Withdrawn status Lost status Source of classification or shelving scheme Damaged status Not for loan Home library Current library Shelving location Date acquired Total Checkouts Full call number Barcode Date last seen Price effective from Koha item type
          Bib. Derecho Bib. Derecho Sector Prestamo 12/06/2014   347 M 456 103893 12/06/2014 12/06/2014 LIBRO

XHTML | CSS | ©Biblioteca Central - Dto. Tecnología de la Información - [ Con tecnología Koha ]